| 000 | 01184nam a2200193 a 4500 | ||
|---|---|---|---|
| 008 | 120416s1981 ||||||||||||||||| || u | ||
| 020 | _a0850921988 | ||
| 050 | _aT 174.3.A3 Gui | ||
| 110 | _aFood Production and Rural Development Division, Commonwealth Secretariat | ||
| 245 | 1 | 0 |
_aGuide to technology transfer in East, Central & Southern Africa: a catalogue of agricultural equipment manufactured in the region, with a guide to its purchase and use _ccompiled by Anthony Ellman |
| 260 |
_aLondon: _bCommonwealth Secretariat _c1981 |
||
| 300 | _a134p. : ill. | ||
| 350 | _a0.00 | ||
| 650 | _aAGRICULTURE--AFRICA, SUB-SAHARAN--TECHNOLOGY TRANSFER--CONGRESSES | ||
| 650 | _aAGRICULTURE | ||
| 995 |
_aMAIN LIBRARY OPEN ACCESS _D0.00 _e729029 _FCBU-MAIN LIBRARY (Kitwe) _H1 _I2.25 _jT 174.3.A3 Gui _M1 _UAVAILABLE _y021023 _ZMain Library Open Access Collection |
||
| 995 |
_aSPECIAL COLLECTIONS _D0.00 _e03007904 _FCBU-MAIN LIBRARY (Kitwe) _H1 _I0.00 _jCOMM (02)1981/4 _M3 _UAVAILABLE _WMay 26, 2011 _yZ03007904 _ZInternational Publications |
||
| 995 |
_aMAIN LIBRARY OPEN ACCESS _D0.00 _e729029 _FCBU-MAIN LIBRARY (Kitwe) _H2 _I2.25 _jT 174.3.A3 Gui _M2 _UAVAILABLE _y021022 _ZMain Library Open Access Collection |
||
| 999 |
_c76060 _d76060 |
||